[Event "Liga Madrileña - DH 2015-2016"]
[Site "Madrid ESP"]
[Date "2015.11.29"]
[Round "2.32"]
[White "Arribas Lopez, Angel"]
[Black "Rubio Mejia, Luis Ignacio"]
[Result "1-0"]
[WhiteElo "2526"]
[BlackElo "2457"]
[PlyCount "57"]
[EventDate "2015.11.22"]
[EventType "team-tourn"]
[EventRounds "14"]
[EventCountry "ESP"]
[Source "lmi"]
[SourceDate "2015.11.22"]
[WhiteTeam "Collado Villalba"]
[BlackTeam "Virgen de Atocha"]
[WhiteTeamCountry "ESP"]
[BlackTeamCountry "ESP"]

1. e4 c5 2. Nf3 d6 3. d4 cxd4 4. Nxd4 Nf6 5. f3 e5 6. Nb3 Be6 7. c4 Nbd7 8. Nc3
Rc8 9. Nd5 b5 10. cxb5 Nxe4 11. g3 Nef6 12. Nxf6+ Nxf6 13. Be3 d5 14. Bxa7 d4
15. b6 Qd5 16. Nd2 Bd6 17. Ba6 Rd8 18. Bc4 Qb7 19. Bxe6 fxe6 20. Qa4+ Ke7 21.
O-O e4 22. Qxd4 Bxg3 23. Qc5+ Bd6 24. Qg5 Kf7 25. Nxe4 Be7 26. Rac1 Rd7 27. Qe5
Nd5 28. Rfe1 Re8 29. Qh5+ 1-0

[Event "Liga Madrileña - DH 2015-2016"]
[Site "Madrid ESP"]
[Date "2015.11.29"]
[Round "2.34"]
[White "Reyes Larena, Juan"]
[Black "Martinez Martin, David"]
[Result "1-0"]
[WhiteElo "2447"]
[BlackElo "2407"]
[PlyCount "77"]
[EventDate "2015.11.22"]
[EventType "team-tourn"]
[EventRounds "14"]
[EventCountry "ESP"]
[Source "lmi"]
[SourceDate "2015.11.22"]
[WhiteTeam "Collado Villalba"]
[BlackTeam "Virgen de Atocha"]
[WhiteTeamCountry "ESP"]
[BlackTeamCountry "ESP"]

1. e4 c5 2. Nf3 d6 3. c3 Nf6 4. h3 Nc6 5. Bd3 g5 6. Bc2 g4 7. hxg4 Bxg4 8. d4
cxd4 9. cxd4 d5 10. e5 Ne4 11. Nc3 Qa5 12. Bd2 Nxd2 13. Qxd2 h5 14. Nh2 Bh6 15.
f4 Bd7 16. a3 Rc8 17. Nf3 Bg4 18. O-O Bxf3 19. Rxf3 Qb6 20. Ba4 Kf8 21. Bxc6
Qxc6 22. Qf2 Rg8 23. Rg3 Rxg3 24. Qxg3 Qg6 25. Qh3 e6 26. Rf1 Rc4 27. f5 exf5
28. Nxd5 Rxd4 29. Nf6 Bf4 30. Qc3 Bxe5 31. Qc5+ Kg7 32. Ne8+ Kh6 33. Qxe5 Re4
34. Qh8+ Kg5 35. Rf2 h4 36. Rf3 Re2 37. Kh2 f6 38. Nd6 f4 39. Kh3 1-0

[Event "Liga Madrileña - DH 2015-2016"]
[Site "Madrid ESP"]
[Date "2015.11.29"]
[Round "2.35"]
[White "Espinosa Aranda, Angel"]
[Black "Martin Duque, Jesus"]
[Result "1-0"]
[WhiteElo "2401"]
[BlackElo "2347"]
[PlyCount "117"]
[EventDate "2015.11.22"]
[EventType "team-tourn"]
[EventRounds "14"]
[EventCountry "ESP"]
[Source "lmi"]
[SourceDate "2015.11.22"]
[WhiteTeam "Virgen de Atocha"]
[BlackTeam "Collado Villalba"]
[WhiteTeamCountry "ESP"]
[BlackTeamCountry "ESP"]

1. Nf3 Nf6 2. g3 d5 3. Bg2 c6 4. O-O Bf5 5. d3 e6 6. c4 h6 7. Nc3 Be7 8. cxd5
exd5 9. Nd4 Bc8 10. e4 dxe4 11. dxe4 O-O 12. h3 Na6 13. Be3 Bc5 14. Qd2 Re8 15.
Rad1 Qe7 16. Rfe1 Be6 17. f4 Rad8 18. Qf2 Bc8 19. a3 Bb6 20. e5 Nh7 21. Ne4 Nf8
22. Nd6 Rxd6 23. exd6 Qxd6 24. Nf5 Bxe3 25. Nxd6 Bxf2+ 26. Kxf2 Rd8 27. Nxc8
Rxc8 28. Re7 Rb8 29. f5 Nc5 30. b4 Na4 31. g4 Nb6 32. Be4 Nh7 33. b5 Kf8 34.
Re5 Ng5 35. Bg2 f6 36. Rc5 cxb5 37. Rxb5 Rc8 38. a4 Rc2+ 39. Kg1 Nc4 40. Rd3 b6
41. a5 Nf7 42. axb6 axb6 43. Rf3 Nfe5 44. Rf2 Rc3 45. Ra2 Rd3 46. Bf1 Rd1 47.
Kf2 Nd6 48. Rxb6 Ne4+ 49. Kg2 Kg8 50. Rb4 Nc3 51. Ra8+ Kh7 52. Rbb8 Rd2+ 53.
Kh1 Nf7 54. Bc4 Rd1+ 55. Kh2 Rd2+ 56. Kg1 Rd1+ 57. Kf2 Nd5 58. Rf8 Nb6 59. Bxf7
1-0

[Event "Liga Madrileña - DH 2015-2016"]
[Site "Madrid ESP"]
[Date "2015.11.29"]
[Round "2.36"]
[White "Martinez Rodriguez, Pablo"]
[Black "Plazuelo Pascual, Juan"]
[Result "1/2-1/2"]
[WhiteElo "2259"]
[BlackElo "2351"]
[PlyCount "62"]
[EventDate "2015.11.22"]
[EventType "team-tourn"]
[EventRounds "14"]
[EventCountry "ESP"]
[Source "lmi"]
[SourceDate "2015.11.22"]
[WhiteTeam "Collado Villalba"]
[BlackTeam "Virgen de Atocha"]
[WhiteTeamCountry "ESP"]
[BlackTeamCountry "ESP"]

1. e4 e6 2. d3 d5 3. Nd2 Nf6 4. Ngf3 Bc5 5. c3 dxe4 6. Nxe4 Be7 7. Nxf6+ Bxf6
8. d4 Nd7 9. Be2 O-O 10. O-O c5 11. Be3 b6 12. a4 Bb7 13. a5 Bc6 14. b4 cxb4
15. cxb4 b5 16. Rc1 Rc8 17. Ne5 Nb8 18. Nxc6 Nxc6 19. d5 exd5 20. Bxb5 Nxb4 21.
Rxc8 Qxc8 22. Bxa7 Qc3 23. Qf3 d4 24. Bb6 Qxf3 25. gxf3 Nd5 26. Bc6 Nxb6 27.
axb6 d3 28. Rd1 Rd8 29. b7 Be5 30. Be4 d2 31. h3 Kf8 1/2-1/2

[Event "Liga Madrileña - DH 2015-2016"]
[Site "Madrid ESP"]
[Date "2015.11.29"]
[Round "2.42"]
[White "Ruperez Benito, Antonio"]
[Black "Gallardo Garcia, Andres"]
[Result "1-0"]
[WhiteElo "2218"]
[BlackElo "2327"]
[PlyCount "99"]
[EventDate "2015.11.22"]
[EventType "team-tourn"]
[EventRounds "14"]
[EventCountry "ESP"]
[Source "lmi"]
[SourceDate "2015.11.22"]
[WhiteTeam "64 Villalba"]
[BlackTeam "Liberty Chess"]
[WhiteTeamCountry "ESP"]
[BlackTeamCountry "ESP"]

1. e4 c6 2. Nc3 g6 3. d4 Bg7 4. Bc4 d5 5. exd5 b5 6. Bb3 b4 7. Nce2 cxd5 8. a3
bxa3 9. Rxa3 Nf6 10. Bf4 Nc6 11. Nf3 Nh5 12. Be3 O-O 13. Ng3 Bg4 14. Nxh5 Bxh5
15. c3 e6 16. h3 Bxf3 17. Qxf3 Qb6 18. Bc1 Rfc8 19. Qd1 Bf8 20. Ra1 Na5 21. Bc2
Nc4 22. Ra2 Rab8 23. h4 Qc7 24. Qd3 e5 25. h5 exd4 26. hxg6 Re8+ 27. Kd1 fxg6
28. Qxd4 Qc5 29. Rxa7 Qxd4+ 30. cxd4 Bg7 31. b3 Nd6 32. Bf4 Rb7 33. Rxb7 Nxb7
34. Be3 Ra8 35. Kd2 Ra2 36. Kc3 Nd6 37. Bb1 Ra7 38. Bd3 Bf8 39. Kb2 Rb7 40. Rc1
Kf7 41. Bf4 Ke6 42. Be2 Kf5 43. Be5 Ke6 44. Bg4+ Kf7 45. Bf3 Rb5 46. Rc7+ Ke6
47. Bg4+ Nf5 48. Rxh7 Ra5 49. Rb7 Ba3+ 50. Kb1 1-0

[Event "Liga Madrileña - DH 2015-2016"]
[Site "Madrid ESP"]
[Date "2015.11.29"]
[Round "2.43"]
[White "Sanchez Gonzalez, Sergio"]
[Black "Van Hoolandt, Patrick"]
[Result "1-0"]
[WhiteElo "2300"]
[BlackElo "2148"]
[PlyCount "47"]
[EventDate "2015.11.22"]
[EventType "team-tourn"]
[EventRounds "14"]
[EventCountry "ESP"]
[Source "lmi"]
[SourceDate "2015.11.22"]
[WhiteTeam "Liberty Chess"]
[BlackTeam "64 Villalba"]
[WhiteTeamCountry "ESP"]
[BlackTeamCountry "ESP"]

1. Nf3 d5 2. g3 c6 3. Bg2 Bg4 4. O-O Nd7 5. d4 e6 6. c4 Ngf6 7. Ne5 Nxe5 8.
dxe5 Nd7 9. h3 Bf5 10. f4 Bc5+ 11. Kh2 f6 12. cxd5 cxd5 13. Nc3 Bg6 14. Nxd5
fxe5 15. Nc3 exf4 16. Bxf4 e5 17. Bc1 Rb8 18. Qa4 a6 19. Ne4 Qc8 20. Bd2 Bxe4
21. Qxe4 Qc7 22. Bg5 Rf8 23. Qxh7 Nb6 24. Qg6+ 1-0

[Event "Liga Madrileña - DH 2015-2016"]
[Site "Madrid ESP"]
[Date "2015.11.29"]
[Round "2.44"]
[White "Cabanas Bravo, Juan Andres"]
[Black "Fernandez Garcia, Miguel Angel"]
[Result "0-1"]
[WhiteElo "2012"]
[BlackElo "2334"]
[PlyCount "134"]
[EventDate "2015.11.22"]
[EventType "team-tourn"]
[EventRounds "14"]
[EventCountry "ESP"]
[Source "lmi"]
[SourceDate "2015.11.22"]
[WhiteTeam "64 Villalba"]
[BlackTeam "Liberty Chess"]
[WhiteTeamCountry "ESP"]
[BlackTeamCountry "ESP"]

1. e4 Nf6 2. e5 Nd5 3. c4 Nb6 4. c5 Nd5 5. Bc4 e6 6. Nc3 Nxc3 7. dxc3 Bxc5 8.
Qg4 Kf8 9. Bg5 Be7 10. h4 Nc6 11. Nf3 d6 12. Rd1 Qe8 13. Rh3 dxe5 14. Rg3 f5
15. Bxe7+ Qxe7 16. Qh5 e4 17. Ng5 Ne5 18. f4 Nc6 19. b4 g6 20. Qh6+ Qg7 21.
Qxg7+ Kxg7 22. Bxe6 Rd8 23. h5 Rxd1+ 24. Kxd1 Bxe6 25. Nxe6+ Kf6 26. Nxc7 Rd8+
27. Kc2 Rc8 28. Nd5+ Ke6 29. c4 Nd4+ 30. Kd2 Rxc4 31. Ne3 Rxb4 32. hxg6 hxg6
33. Rxg6+ Kf7 34. Rd6 Ra4 35. Rd7+ Ke6 36. Rxb7 Rxa2+ 37. Kd1 Ne2 38. g4 fxg4
39. f5+ Kf6 40. Nxg4+ Kxf5 41. Ne3+ Ke6 42. Rb8 Nc3+ 43. Kc1 Re2 44. Nc2 Rh2
45. Re8+ Kd7 46. Re5 Kd6 47. Ra5 Rh7 48. Ne3 Kc6 49. Kd2 Nb5 50. Nc4 Kc5 51.
Na3 Rh2+ 52. Ke1 a6 53. Rxa6 Ra2 54. Re6 Kd5 55. Rxe4 Kxe4 56. Nxb5 Ke3 57. Kd1
Kd3 58. Ke1 Ra5 59. Nd6 Rd5 60. Nc8 Kd4 61. Nb6 Rd8 62. Ke2 Rb8 63. Nd7 Rb7 64.
Nf6 Re7+ 65. Kd2 Rg7 66. Ke2 Ke5 67. Nh5 Rg5 0-1

[Event "Liga Madrileña - DH 2015-2016"]
[Site "Madrid ESP"]
[Date "2015.11.29"]
[Round "2.45"]
[White "Hinojar Diez, David"]
[Black "Martinez Alvira, Santiago"]
[Result "0-1"]
[WhiteElo "2133"]
[BlackElo "1959"]
[PlyCount "153"]
[EventDate "2015.11.22"]
[EventType "team-tourn"]
[EventRounds "14"]
[EventCountry "ESP"]
[Source "lmi"]
[SourceDate "2015.11.22"]
[WhiteTeam "Liberty Chess"]
[BlackTeam "64 Villalba"]
[WhiteTeamCountry "ESP"]
[BlackTeamCountry "ESP"]

1. d4 e6 2. c4 f5 3. Nf3 Nf6 4. g3 d5 5. Bg2 Bd6 6. O-O O-O 7. c5 Be7 8. b4 b6
9. Ne5 Nfd7 10. Nd3 bxc5 11. bxc5 Qe8 12. Nc3 c6 13. Qa4 a5 14. Bf4 g5 15. Bxb8
Nxb8 16. Rab1 Bd8 17. Qc2 Nd7 18. e3 Bc7 19. f4 Ba6 20. Rf2 Qh5 21. Bf1 Nf6 22.
Be2 Qh6 23. Ne5 Bxe2 24. Rxe2 Bxe5 25. dxe5 Ng4 26. Qa4 gxf4 27. exf4 Rac8 28.
Qd4 Qg7 29. h3 Nh6 30. Reb2 Kh8 31. Ne2 Qf7 32. Qe3 Qd7 33. Nd4 Rc7 34. Rb6 Ra8
35. a4 Nf7 36. Nf3 Kg7 37. Qd4 Nd8 38. Nh4 Qf7 39. Nf3 Raa7 40. Rb8 Qd7 41. Ng5
Rc8 42. g4 h6 43. Nf3 Rxb8 44. Rxb8 Rb7 45. Rxb7 Qxb7 46. Kg2 Qb1 47. Kg3 Nb7
48. gxf5 Qxf5 49. Nh4 Qc2 50. f5 Nxc5 51. f6+ Kf7 52. Nf3 Qg6+ 53. Kf2 Qc2+ 54.
Kg3 Ne4+ 55. Kh4 Qf2+ 56. Qxf2 Nxf2 57. Nd4 c5 58. Nc6 Nd3 59. Nd8+ Ke8 60.
Nxe6 c4 61. Nc7+ Kf7 62. Nxd5 Nxe5 63. Kh5 Nd7 64. Kxh6 Nxf6 65. Nc3 Ke6 66.
Kg6 Ke5 67. h4 Nd5 68. h5 Nf4+ 69. Kg5 Nxh5 70. Kxh5 Kd4 71. Na2 Kd3 72. Kg4
Kc2 73. Kf3 Kb2 74. Nb4 axb4 75. a5 c3 76. a6 c2 77. a7 0-1

[Event "Liga Madrileña - DH 2015-2016"]
[Site "Madrid ESP"]
[Date "2015.11.29"]
[Round "2.46"]
[White "Palomino Menendez, Salvador"]
[Black "Pablos Tenrero, Raquel"]
[Result "0-1"]
[WhiteElo "1888"]
[BlackElo "2077"]
[PlyCount "90"]
[EventDate "2015.11.22"]
[EventType "team-tourn"]
[EventRounds "14"]
[EventCountry "ESP"]
[Source "lmi"]
[SourceDate "2015.11.22"]
[WhiteTeam "64 Villalba"]
[BlackTeam "Liberty Chess"]
[WhiteTeamCountry "ESP"]
[BlackTeamCountry "ESP"]

1. e4 c6 2. Nf3 d5 3. exd5 cxd5 4. Ne5 Nc6 5. d4 Nf6 6. c3 g6 7. Be2 Bg7 8. h4
h5 9. Bf4 Ne4 10. f3 Nd6 11. Na3 Bf5 12. Qb3 e6 13. Nb5 Nxb5 14. Qxb5 Qc8 15.
Qa4 a6 16. c4 O-O 17. cxd5 exd5 18. Rc1 Qe8 19. Nxc6 bxc6 20. Kf2 Qe7 21. Bg5
Qb7 22. b3 Rfe8 23. Rhd1 Re6 24. Rc3 Qb6 25. Re3 a5 26. Rxe6 Bxe6 27. Be7 Bd7
28. Bc5 Qd8 29. g3 Qf6 30. Rd3 Bh6 31. b4 Qe6 32. bxa5 Qh3 33. Bd6 Qh2+ 34. Ke1
Qg1+ 35. Bf1 Bh3 36. f4 Bxf1 37. Qxc6 Bxd3+ 38. Kd2 Qf2+ 39. Kxd3 Qxg3+ 40. Kc2
Qf2+ 41. Kb3 Qe3+ 42. Kc2 Rxa5 43. a3 Bxf4 44. Bxf4 Qxf4 45. Qe8+ Kg7 0-1

[Event "Liga Madrileña - DH 2015-2016"]
[Site "Madrid ESP"]
[Date "2015.12.13"]
[Round "3.11"]
[White "Roa Alonso, Santiago"]
[Black "Aranda Marin, Cristian"]
[Result "0-1"]
[WhiteElo "2380"]
[BlackElo "2352"]
[PlyCount "70"]
[EventDate "2015.11.22"]
[EventType "team-tourn"]
[EventRounds "14"]
[EventCountry "ESP"]
[Source "lmi"]
[SourceDate "2015.11.22"]
[WhiteTeam "Vallecas CDV"]
[BlackTeam "San Fernando de Henares"]
[WhiteTeamCountry "ESP"]
[BlackTeamCountry "ESP"]

1. d4 Nf6 2. c4 e6 3. Nc3 Bb4 4. e3 O-O 5. Bd3 d5 6. Nge2 dxc4 7. Bxc4 e5 8.
Qb3 Bd6 9. Nb5 Nc6 10. Nxd6 Qxd6 11. Qa3 Rd8 12. Qxd6 Rxd6 13. b3 exd4 14. Ba3
Rd8 15. exd4 Nxd4 16. Nxd4 Rxd4 17. O-O Be6 18. Bxe6 fxe6 19. Bb2 Rd2 20. Bc3
Rc2 21. Bxf6 gxf6 22. Rfd1 Rf8 23. h3 e5 24. Rd3 Kf7 25. a3 Ke6 26. Rad1 a5 27.
g4 h5 28. f4 hxg4 29. hxg4 exf4 30. Re1+ Kf7 31. Rd7+ Kg6 32. Ree7 Kg5 33. Rg7+
Kh4 34. Rxc7 Rxc7 35. Rxc7 Kg3 0-1

[Event "Liga Madrileña - DH 2015-2016"]
[Site "Madrid ESP"]
[Date "2015.12.13"]
[Round "3.12"]
[White "Fernandez Blazquez, Diego"]
[Black "Beltran de Heredia Eguiaz, Miguel Angel"]
[Result "1/2-1/2"]
[WhiteElo "2229"]
[BlackElo "2190"]
[PlyCount "56"]
[EventDate "2015.11.22"]
[EventType "team-tourn"]
[EventRounds "14"]
[EventCountry "ESP"]
[Source "lmi"]
[SourceDate "2015.11.22"]
[WhiteTeam "San Fernando de Henares"]
[BlackTeam "Vallecas CDV"]
[WhiteTeamCountry "ESP"]
[BlackTeamCountry "ESP"]

1. Nf3 Nf6 2. c4 g6 3. b3 Bg7 4. Bb2 O-O 5. g3 d6 6. Bg2 e5 7. d3 Nc6 8. O-O h6
9. Nc3 Be6 10. e3 Qd7 11. Re1 Bh3 12. Bh1 e4 13. dxe4 Nxe4 14. Nd4 Ng5 15. Nd5
Ne5 16. f4 Bg4 17. Qc2 Nh3+ 18. Kf1 c6 19. fxe5 dxe5 20. Ne2 cxd5 21. Bxd5 Ng5
22. Ng1 e4 23. Bxg7 Bh3+ 24. Nxh3 Qxh3+ 25. Qg2 Qf5+ 26. Qf2 Qh3+ 27. Qg2 Qf5+
28. Qf2 Qh3+ 1/2-1/2

[Event "Liga Madrileña - DH 2015-2016"]
[Site "Madrid ESP"]
[Date "2015.12.13"]
[Round "3.13"]
[White "Montanes Arribas, Adrian"]
[Black "Garrido Olivares, Ricard"]
[Result "0-1"]
[WhiteElo "2173"]
[BlackElo "2155"]
[PlyCount "70"]
[EventDate "2015.11.22"]
[EventType "team-tourn"]
[EventRounds "14"]
[EventCountry "ESP"]
[Source "lmi"]
[SourceDate "2015.11.22"]
[WhiteTeam "Vallecas CDV"]
[BlackTeam "San Fernando de Henares"]
[WhiteTeamCountry "ESP"]
[BlackTeamCountry "ESP"]

1. d4 d5 2. c4 e6 3. Nf3 c5 4. cxd5 exd5 5. g3 Nc6 6. Bg2 Nf6 7. O-O Be7 8. Nc3
O-O 9. Bg5 c4 10. Ne5 Be6 11. Nxc6 bxc6 12. b3 h6 13. Bxf6 Bxf6 14. bxc4 dxc4
15. e3 Qa5 16. Ne4 Be7 17. Qc2 Ba3 18. Rab1 Rac8 19. Rfd1 Rfd8 20. h3 Rb8 21.
Nc3 Bb4 22. Na4 c5 23. d5 Bd7 24. Nb2 c3 25. Nc4 Ba4 26. Nxa5 Bxc2 27. Nc6 Bxb1
28. Rxb1 Ba3 29. Rxb8 Rxb8 30. Be4 Rb7 31. Na5 Rd7 32. Nc4 Bb4 33. a3 Rxd5 34.
axb4 cxb4 35. Bc2 Rc5 0-1

[Event "Liga Madrileña - DH 2015-2016"]
[Site "Madrid ESP"]
[Date "2015.12.13"]
[Round "3.14"]
[White "Del Valle Cirera, Adria"]
[Black "Martin Garcia, Guillermo Li"]
[Result "1-0"]
[WhiteElo "2107"]
[BlackElo "2165"]
[PlyCount "115"]
[EventDate "2015.11.22"]
[EventType "team-tourn"]
[EventRounds "14"]
[EventCountry "ESP"]
[Source "lmi"]
[SourceDate "2015.11.22"]
[WhiteTeam "San Fernando de Henares"]
[BlackTeam "Vallecas CDV"]
[WhiteTeamCountry "ESP"]
[BlackTeamCountry "ESP"]

1. e4 e5 2. Nf3 Nc6 3. Bb5 a6 4. Ba4 d6 5. Bxc6+ bxc6 6. d4 exd4 7. Qxd4 c5 8.
Qd3 Nf6 9. Nc3 Be7 10. e5 dxe5 11. Qxd8+ Bxd8 12. Nxe5 O-O 13. Nc6 Re8+ 14. Be3
Ng4 15. O-O-O Bh4 16. Bxc5 Bb7 17. f3 Bxc6 18. fxg4 Bxg2 19. Rhg1 Bg5+ 20. Kb1
Bc6 21. Bf2 Rab8 22. Nd5 Re2 23. Bg3 Rd8 24. Nf4 Red2 25. Nd3 Rxd1+ 26. Rxd1
Bf3 27. Re1 Bxg4 28. Bxc7 Rc8 29. a4 h6 30. Be5 Bd7 31. b3 Re8 32. Rf1 f6 33.
Bg3 Re2 34. Nf4 Rd2 35. Kc1 Bxf4 36. Rxf4 Rg2 37. Rd4 Bf5 38. Rd2 Rg1+ 39. Rd1
Rg2 40. Rd2 Rg1+ 41. Rd1 Rxd1+ 42. Kxd1 g5 43. c4 Be6 44. Kd2 f5 45. Kd3 Kf7
46. Kd4 f4 47. Bf2 Kf6 48. b4 h5 49. b5 axb5 50. axb5 Bd7 51. Kd5 h4 52. Kd6
Bf5 53. b6 Be4 54. c5 h3 55. c6 g4 56. b7 g3 57. b8=Q gxh2 58. Qg8 1-0

[Event "Liga Madrileña - DH 2015-2016"]
[Site "Madrid ESP"]
[Date "2015.12.13"]
[Round "3.15"]
[White "Montoya Pecurul, Marc"]
[Black "Nunez Miranda, Adrian"]
[Result "0-1"]
[WhiteElo "2123"]
[BlackElo "2085"]
[PlyCount "58"]
[EventDate "2015.11.22"]
[EventType "team-tourn"]
[EventRounds "14"]
[EventCountry "ESP"]
[Source "lmi"]
[SourceDate "2015.11.22"]
[WhiteTeam "Vallecas CDV"]
[BlackTeam "San Fernando de Henares"]
[WhiteTeamCountry "ESP"]
[BlackTeamCountry "ESP"]

1. e4 c5 2. Nf3 Nc6 3. d4 cxd4 4. Nxd4 Nf6 5. Nc3 e5 6. Ndb5 d6 7. Bg5 a6 8.
Na3 b5 9. Nd5 Qa5+ 10. Bd2 Qd8 11. Bg5 Qa5+ 12. c3 Nxe4 13. Be3 Rb8 14. Qf3 f5
15. Bd3 b4 16. Bxe4 fxe4 17. Qxe4 Be6 18. Nxb4 Nxb4 19. cxb4 Rxb4 20. Qc6+ Bd7
21. Qc3 Ra4 22. Qxa5 Rxa5 23. O-O-O Be7 24. Nc4 Rxa2 25. Kb1 Ra4 26. Nxd6+ Bxd6
27. Rxd6 Bf5+ 28. Kc1 Ra1+ 29. Kd2 Rxh1 0-1

[Event "Liga Madrileña - DH 2015-2016"]
[Site "Madrid ESP"]
[Date "2015.12.13"]
[Round "3.16"]
[White "De la Orden Alcocer, Alejandro"]
[Black "Ambrona Castellanos, Miguel"]
[Result "0-1"]
[WhiteElo "2024"]
[BlackElo "2055"]
[PlyCount "122"]
[EventDate "2015.11.22"]
[EventType "team-tourn"]
[EventRounds "14"]
[EventCountry "ESP"]
[Source "lmi"]
[SourceDate "2015.11.22"]
[WhiteTeam "San Fernando de Henares"]
[BlackTeam "Vallecas CDV"]
[WhiteTeamCountry "ESP"]
[BlackTeamCountry "ESP"]

1. Nf3 Nf6 2. c4 g6 3. g3 Bg7 4. Bg2 O-O 5. Nc3 c6 6. O-O d5 7. cxd5 Nxd5 8.
Qb3 Nb6 9. d3 Be6 10. Qb4 Na6 11. Qh4 f6 12. Bh6 Nc7 13. Bxg7 Kxg7 14. Rac1
Ncd5 15. Ne4 h6 16. Nc5 Bc8 17. Nd4 Nc7 18. Ndb3 Nd7 19. Nxd7 Qxd7 20. Nc5 Qd6
21. Rc2 Ne6 22. Nb3 Rd8 23. Rfc1 Nd4 24. Nxd4 Qxd4 25. Qxd4 Rxd4 26. Rc4 Rxc4
27. Rxc4 Bd7 28. d4 Rc8 29. a3 Kf7 30. e3 Ke6 31. Bh3+ Kd6 32. Bg2 b6 33. e4
Be6 34. Rc3 c5 35. d5 Bd7 36. f4 e6 37. dxe6 Bxe6 38. Kf2 c4 39. Ke3 Kc5 40.
Bf3 a5 41. h4 b5 42. g4 Rd8 43. g5 hxg5 44. hxg5 b4 45. axb4+ axb4 46. Rc1 Rd3+
47. Ke2 fxg5 48. fxg5 Kd4 49. Ra1 Re3+ 50. Kf2 Rb3 51. Rd1+ Rd3 52. Be2 Rxd1
53. Bxd1 Kd3 54. Ke1 c3 55. bxc3 bxc3 56. Kf2 c2 57. Bxc2+ Kxc2 58. Ke3 Kc3 59.
Kf4 Kd4 60. Kf3 Ke5 61. Ke3 Bg4 0-1

[Event "Liga Madrileña - DH 2015-2016"]
[Site "Madrid ESP"]
[Date "2015.12.13"]
[Round "3.21"]
[White "Bolado Saez, Sergio"]
[Black "Rubio Mejia, Luis Ignacio"]
[Result "1-0"]
[WhiteElo "2359"]
[BlackElo "2457"]
[PlyCount "85"]
[EventDate "2015.11.22"]
[EventType "team-tourn"]
[EventRounds "14"]
[EventCountry "ESP"]
[Source "lmi"]
[SourceDate "2015.11.22"]
[WhiteTeam "Blanco y Negro"]
[BlackTeam "Virgen de Atocha"]
[WhiteTeamCountry "ESP"]
[BlackTeamCountry "ESP"]

1. d4 Nf6 2. c4 e6 3. Nf3 Bb4+ 4. Nbd2 O-O 5. a3 Be7 6. e4 d6 7. Bd3 c5 8. d5
e5 9. O-O Nbd7 10. Re1 Nh5 11. b4 g6 12. Nb3 b6 13. Bd2 Ng7 14. a4 cxb4 15. a5
Rb8 16. Bxb4 f5 17. axb6 axb6 18. Nfd2 Nf6 19. Ra7 f4 20. Qa1 Bb7 21. Qa3 Nge8
22. Nc1 g5 23. Ne2 g4 24. f3 Rf7 25. Kh1 Rg7 26. Rb1 Qd7 27. Bc2 gxf3 28. Qxf3
Ra8 29. Rba1 Rxa7 30. Rxa7 Qc8 31. h3 Nc7 32. Qa3 Nfe8 33. Ba4 Qb8 34. Bc6 Bxc6
35. dxc6 Qc8 36. Rb7 Ne6 37. Rxb6 Ng5 38. Qa6 Qe6 39. Rb8 f3 40. Nxf3 Nxf3 41.
Rxe8+ Kf7 42. c7 Qg6 43. Rxe7+ 1-0

[Event "Liga Madrileña - DH 2015-2016"]
[Site "Madrid ESP"]
[Date "2015.12.13"]
[Round "3.22"]
[White "Almagro Llamas, Pablo"]
[Black "Martinez Reyes, Pedro Ramon"]
[Result "1-0"]
[WhiteElo "2429"]
[BlackElo "2338"]
[PlyCount "95"]
[EventDate "2015.11.22"]
[EventType "team-tourn"]
[EventRounds "14"]
[EventCountry "ESP"]
[Source "lmi"]
[SourceDate "2015.11.22"]
[WhiteTeam "Virgen de Atocha"]
[BlackTeam "Blanco y Negro"]
[WhiteTeamCountry "ESP"]
[BlackTeamCountry "ESP"]

1. d4 d5 2. Nf3 Nf6 3. c4 dxc4 4. e3 c5 5. Bxc4 e6 6. O-O Nc6 7. a3 cxd4 8.
exd4 Be7 9. Nc3 O-O 10. Ba2 Qc7 11. Qe2 Rd8 12. Rd1 Qa5 13. Bf4 b6 14. Rac1 Ba6
15. Qe1 Qf5 16. Bg3 Rac8 17. d5 exd5 18. Nxd5 Nxd5 19. Rxc6 Rxc6 20. Nd4 Nc3
21. Nxf5 Ne2+ 22. Kh1 Rxd1 23. Nxe7+ Kf8 24. Qxd1 Rc1 25. Qxc1 Nxc1 26. Nc6
Nxa2 27. Bf4 Ke8 28. Kg1 Bc4 29. f3 a5 30. Kf2 f6 31. h4 Kd7 32. Nd4 b5 33. Bd2
a4 34. Ke3 g6 35. Nc2 Kc6 36. Kd4 Be2 37. Ne3 f5 38. Nd5 Bf1 39. Ne3 Be2 40. h5
f4 41. Nd5 g5 42. Nf6 h6 43. Ng4 Kd6 44. Nxh6 Ke6 45. Ng4 Bf1 46. Ke4 Bxg2 47.
h6 Kf7 48. Kf5 1-0

[Event "Liga Madrileña - DH 2015-2016"]
[Site "Madrid ESP"]
[Date "2015.12.13"]
[Round "3.23"]
[White "Alarcia Astiz, Carlos"]
[Black "Espinosa Aranda, Angel"]
[Result "1/2-1/2"]
[WhiteElo "2337"]
[BlackElo "2401"]
[PlyCount "46"]
[EventDate "2015.11.22"]
[EventType "team-tourn"]
[EventRounds "14"]
[EventCountry "ESP"]
[Source "lmi"]
[SourceDate "2015.11.22"]
[WhiteTeam "Blanco y Negro"]
[BlackTeam "Virgen de Atocha"]
[WhiteTeamCountry "ESP"]
[BlackTeamCountry "ESP"]

1. e4 e6 2. d4 d5 3. Nd2 c5 4. Ngf3 Nc6 5. exd5 Qxd5 6. dxc5 Bxc5 7. Bd3 Nf6 8.
O-O O-O 9. h3 b6 10. Re1 Bb7 11. Ne4 Be7 12. Nc3 Qd7 13. a3 Rad8 14. Qe2 Nd4
15. Nxd4 Qxd4 16. Be3 Qd6 17. Red1 Qc6 18. Qf1 Bd6 19. Ba6 Be5 20. Bxb7 Qxb7
21. Rxd8 Rxd8 22. Rd1 Rxd1 23. Qxd1 h6 1/2-1/2

[Event "Liga Madrileña - DH 2015-2016"]
[Site "Madrid ESP"]
[Date "2015.12.13"]
[Round "3.24"]
[White "Plazuelo Pascual, Juan"]
[Black "Renteria Becerra, Jorge Elicer"]
[Result "1/2-1/2"]
[WhiteElo "2351"]
[BlackElo "2244"]
[PlyCount "75"]
[EventDate "2015.11.22"]
[EventType "team-tourn"]
[EventRounds "14"]
[EventCountry "ESP"]
[Source "lmi"]
[SourceDate "2015.11.22"]
[WhiteTeam "Virgen de Atocha"]
[BlackTeam "Blanco y Negro"]
[WhiteTeamCountry "ESP"]
[BlackTeamCountry "ESP"]

1. d4 Nf6 2. c4 c5 3. d5 b5 4. cxb5 a6 5. bxa6 g6 6. Nc3 Bxa6 7. g3 d6 8. Bg2
Bg7 9. Nf3 O-O 10. O-O Nbd7 11. Rb1 Qa5 12. Bd2 Rfb8 13. Qc2 Ne8 14. b3 Qa3 15.
Bc1 Qa5 16. Bd2 Qa3 17. Bc1 Qa5 18. Bb2 c4 19. Nd2 Rc8 20. Rfc1 cxb3 21. Nxb3
Qb4 22. a3 Qb6 23. Qd1 Rab8 24. Ba1 Qa7 25. Bh3 f5 26. e4 Ne5 27. Bf1 Bxf1 28.
Kxf1 Ng4 29. Qe2 Qxa3 30. exf5 Ne5 31. Nb5 Rxc1+ 32. Nxc1 Qc5 33. Bxe5 Qxd5 34.
Qa2 Qxa2 35. Nxa2 Bxe5 36. fxg6 hxg6 37. Nbc3 Rxb1+ 38. Nxb1 1/2-1/2